[Event "Ä17Â"]
[Site "Loo"]
[Date "2017.04.26"]
[Round "7.14"]
[White "Çàõàðîâà, Òàòüÿíà."]
[Black "Õàí, Àíàñòàñèÿ."]
[Result "0-1"]
[WhiteElo "1811"]
[BlackElo "1868"]
[PlyCount "76"]
[EventDate "2017.04.20"]

1. e4 d5 2. exd5 Nf6 3. Nf3 Nxd5 4. c4 Nf6 5. d4 Bg4 6. Be2 e6 7. O-O Be7 8.
Nc3 O-O 9. h3 Bh5 10. Be3 c6 11. Qb3 Qc7 12. Rac1 b6 13. Rfd1 Nbd7 14. d5 Nc5
15. Bxc5 Bxc5 16. dxe6 fxe6 17. Qc2 Rae8 18. Na4 Bg6 19. Bd3 Bh5 20. Be2 Bd6
21. c5 bxc5 22. Nxc5 Bf4 23. Rb1 Nd5 24. Nd3 e5 25. Nxf4 Nxf4 26. Qb3+ Kh8 27.
Re1 Nxe2+ 28. Rxe2 e4 29. Nd4 Bxe2 30. Nxe2 Qe5 31. Qe3 Rd8 32. Qxa7 c5 33. Qa5
e3 34. f3 Rd2 35. Qb5 Rfd8 36. Nc3 e2 37. Re1 Rd1 38. Nxd1 exd1=R 0-1

[Event "Ä17Â"]
[Site "Loo"]
[Date "2017.04.26"]
[Round "7.15"]
[White "Êèðàêîñÿí, Êàìèëà."]
[Black "Ãàðìàø, Àëåíà."]
[Result "1-0"]
[WhiteElo "1803"]
[BlackElo "1844"]
[PlyCount "179"]
[EventDate "2017.04.20"]

1. e4 c6 2. d4 d5 3. Nd2 dxe4 4. Nxe4 Bf5 5. Ng3 Bg6 6. Nf3 Nd7 7. Bd3 Bxd3 8.
Qxd3 e6 9. O-O Ngf6 10. Re1 Be7 11. c4 O-O 12. Bf4 Nb6 13. Rad1 c5 14. Qe2 cxd4
15. Nxd4 Qc8 16. Rc1 Bc5 17. Red1 Bxd4 18. Rxd4 Rd8 19. Rxd8+ Qxd8 20. Rd1 Qe8
21. Bg5 Nbd7 22. Qf3 Qc8 23. b3 h6 24. Bc1 a5 25. Bb2 a4 26. Ne4 Nxe4 27. Qxe4
Nf6 28. Qh4 Ne8 29. b4 Qc7 30. Rd3 Rc8 31. Rd4 Qe5 32. g3 Qe1+ 33. Kg2 Qb1 34.
Bc3 Qc2 35. Bd2 Kh7 36. a3 Nf6 37. Bxh6 gxh6 38. Qxf6 Qg6 39. Qf4 b6 40. Rd7
Kg8 41. Rd6 Rb8 42. Rxe6 Qxe6 43. Qxb8+ Kg7 44. Qf4 Qc6+ 45. Kg1 Qd7 46. Qe3
Qd1+ 47. Kg2 Qb3 48. Qd4+ Kg8 49. Qxb6 Qxa3 50. Qd8+ Kg7 51. Qd4+ Kg8 52. c5
Qc1 53. Qd8+ Kg7 54. Qa8 a3 55. c6 a2 56. Qxa2 Qxc6+ 57. f3 Qb5 58. Qb2+ Kg8
59. Qd2 Kg7 60. Qd4+ Kg8 61. Qc5 Qe2+ 62. Qf2 Qb5 63. Qd2 Kg7 64. Qd4+ Kg8 65.
Qg4+ Kh7 66. Qe4+ Kg7 67. f4 Kg8 68. Qe1 Qd5+ 69. Kf2 Qd4+ 70. Kf3 Qd3+ 71. Qe3
Qd1+ 72. Kg2 Qd5+ 73. Kf2 Qa2+ 74. Qe2 Qa7+ 75. Kg2 Qb7+ 76. Kh3 Qxb4 77. Qe8+
Kg7 78. Qe5+ Kg8 79. Qf6 Qf8 80. Kh4 Kh7 81. g4 Qe8 82. Kh5 Qb5+ 83. f5 Qb3 84.
Qxh6+ Kg8 85. Qg5+ Kh7 86. Qh6+ Kg8 87. h4 Qd5 88. Qf6 Kh7 89. Qg5 Qc5 90. f6
1-0

[Event "Ä17Â"]
[Site "Loo"]
[Date "2017.04.26"]
[Round "7.16"]
[White "×åìáîðèñîâà, Ýëèíà."]
[Black "Êâà÷êî, Àíàñòàñèÿ."]
[Result "1/2-1/2"]
[WhiteElo "1840"]
[BlackElo "1772"]
[PlyCount "98"]
[EventDate "2017.04.20"]

1. e4 e6 2. d4 d5 3. Nd2 a6 4. Ngf3 c5 5. exd5 exd5 6. Be2 Nc6 7. dxc5 Bxc5 8.
Nb3 Bb6 9. O-O Nge7 10. Re1 O-O 11. c3 Bg4 12. Bg5 Re8 13. Nfd4 Bxe2 14. Rxe2
Qd7 15. Qd3 h6 16. Bxe7 Rxe7 17. Rxe7 Qxe7 18. Nf3 Qe4 19. Qd2 Rd8 20. Re1 Qa4
21. Qc2 Na5 22. g3 Qxa2 23. Nxa5 Qxa5 24. Re7 d4 25. cxd4 Qd5 26. Qe2 Rc8 27.
Re8+ Rxe8 28. Qxe8+ Kh7 29. Qe3 g5 30. g4 Kg7 31. h4 Qd7 32. Qe4 Qc7 33. Qe3
Qc8 34. Qe4 Qc1+ 35. Kg2 Qxb2 36. hxg5 hxg5 37. Nxg5 Qxd4 38. Qh7+ Kf6 39. Qf5+
Ke7 40. Qxf7+ Kd6 41. Qg6+ Kd7 42. Qf5+ Kc6 43. Qc8+ Kb5 44. Qe8+ Ka5 45. Qe2
Kb4 46. Qe7+ Kb3 47. Qe6+ Kb4 48. Qe7+ Kb3 49. Qe6+ Kb4 1/2-1/2

[Event "Ä17Â"]
[Site "Loo"]
[Date "2017.04.26"]
[Round "7.17"]
[White "Ôîêèíà, Ýëèíà."]
[Black "Åìåëüÿíîâà, Âèêòîðèÿ."]
[Result "0-1"]
[WhiteElo "1878"]
[BlackElo "1713"]
[PlyCount "72"]
[EventDate "2017.04.20"]

1. e4 e6 2. d4 d5 3. Nc3 dxe4 4. Nxe4 Nd7 5. Nf3 Ngf6 6. Bg5 h6 7. Bxf6 Nxf6 8.
Bd3 Be7 9. Qe2 Nd5 10. g3 O-O 11. O-O-O Nb4 12. Bc4 a6 13. c3 b5 14. cxb4 bxc4
15. Qxc4 Bb7 16. Rhe1 Bd5 17. Qc3 Rb8 18. a3 a5 19. b5 Rxb5 20. Nfd2 Qb8 21.
Nc5 Qa7 22. Nd3 Rfb8 23. Kb1 Bf6 24. Re5 Bxe5 25. dxe5 Qb7 26. Ka1 Qc6 27. Rc1
Qxc3 28. Rxc3 R5b7 29. Rc5 Rd8 30. Rxa5 Bh1 31. Nc5 Rbb8 32. Nb1 Rd1 33. b4
Rbd8 34. Kb2 Rf1 35. f4 Rf2+ 36. Kc3 Rd1 0-1

[Event "Ä17Â"]
[Site "Loo"]
[Date "2017.04.26"]
[Round "7.18"]
[White "Ñòðîãàíîâà, Êàðèíà."]
[Black "Ýñàóëîâà, Ìàðôà."]
[Result "0-1"]
[WhiteElo "1790"]
[BlackElo "1826"]
[PlyCount "138"]
[EventDate "2017.04.20"]

1. d4 Nf6 2. c4 g6 3. Nc3 d5 4. cxd5 Nxd5 5. e4 Nxc3 6. bxc3 Bg7 7. Qa4+ Qd7 8.
Bb5 c6 9. Be2 O-O 10. Nf3 Qg4 11. O-O Qxe4 12. Re1 Qf5 13. Ba3 Re8 14. c4 Nd7
15. Rad1 Nb6 16. Qb4 Bf8 17. Bd3 Qf6 18. Bb2 e6 19. Qb3 Qe7 20. a3 Bg7 21. Ne5
Nd7 22. Nf3 Qd8 23. Re2 Qb6 24. Qc2 Nf6 25. Rb1 Qc7 26. Rbe1 Bd7 27. Ne5 Rad8
28. Qa4 b6 29. Qb3 c5 30. Rb1 cxd4 31. Bxd4 Bc8 32. Nf3 Bb7 33. Be5 Qe7 34. Nd4
Nd7 35. Bxg7 Kxg7 36. Qb2 Qf6 37. Nb5 Qxb2 38. Rexb2 Ne5 39. Be2 Be4 40. Ra1
Re7 41. f4 Nc6 42. Rc1 Nd4 43. Nxd4 Rxd4 44. Rb4 Rd2 45. Bf1 Bb7 46. Ra4 a5 47.
c5 Bc6 48. Rac4 b5 49. R4c2 Rd4 50. Rb1 Rb7 51. Rf2 Ra4 52. Rb3 Rd4 53. Rb1 b4
54. axb4 axb4 55. g3 Be4 56. Rb3 Bd5 57. Rb1 Rc7 58. Rfb2 b3 59. Rc1 Ra4 60.
Bg2 Ra2 61. Rcb1 Bxg2 62. Kxg2 Rxc5 63. h3 Rc2+ 64. Rxc2 bxc2 65. Rc1 Kf6 66.
Kf2 Kf5 67. Ke2 Ke4 68. h4 h5 69. Kd2 Kf3 0-1

[Event "Ä17Â"]
[Site "Loo"]
[Date "2017.04.26"]
[Round "7.19"]
[White "Ïåð÷, Ñîôüÿ."]
[Black "Èâàí÷åíêî, Àëåêñàíäðà."]
[Result "1-0"]
[WhiteElo "1802"]
[BlackElo "1684"]
[PlyCount "69"]
[EventDate "2017.04.20"]

1. d4 d5 2. c4 e6 3. Nc3 c6 4. Nf3 f5 5. Bf4 Nf6 6. e3 Be7 7. Bd3 O-O 8. O-O
Ne4 9. Qb3 Kh8 10. Rfd1 Nd7 11. Ne2 Ndf6 12. h3 Nh5 13. Be5 Bd6 14. Bxd6 Qxd6
15. Ne5 f4 16. Bxe4 dxe4 17. Nxf4 Nxf4 18. exf4 Rxf4 19. Qe3 Qf8 20. c5 Rf6 21.
Rd2 Qe7 22. Qxe4 Bd7 23. Rf1 Be8 24. f4 Qf8 25. Rdf2 Bg6 26. Nxg6+ hxg6 27. Rf3
Rd8 28. Rg3 Qf7 29. Re3 Rd5 30. g3 g5 31. Ref3 Qd7 32. fxg5 Rxd4 33. gxf6 Rxe4
34. f7 Qd4+ 35. Kh1 1-0

[Event "Ä17Â"]
[Site "Loo"]
[Date "2017.04.26"]
[Round "7.20"]
[White "Øàõìàòîâà, Êñåíèÿ."]
[Black "Ïèâèíà, Ìàðèÿ."]
[Result "1/2-1/2"]
[WhiteElo "1903"]
[BlackElo "1827"]
[PlyCount "112"]
[EventDate "2017.04.20"]

1. c4 e5 2. Nc3 Nf6 3. Nf3 Nc6 4. g3 d5 5. cxd5 Nxd5 6. d3 Nb6 7. Bg2 Be7 8.
O-O O-O 9. b3 Re8 10. Bb2 Bf8 11. Rc1 a6 12. Nd2 Nd4 13. e3 Nc6 14. Nc4 Bf5 15.
Nxb6 cxb6 16. Nd5 Be6 17. e4 Bxd5 18. exd5 Nb4 19. Re1 f6 20. a3 Nxd5 21. d4
Ne7 22. dxe5 Qxd1 23. Rcxd1 fxe5 24. Rxe5 Nc6 25. Rxe8 Rxe8 26. Bd5+ Kh8 27.
Bf3 Rd8 28. Rxd8 Nxd8 29. b4 Nc6 30. Kg2 Bd6 31. Bd5 h6 32. f4 Kh7 33. f5 h5
34. h4 a5 35. b5 Ne7 36. Bxb7 Nxf5 37. Be4 g6 38. Bxf5 gxf5 39. Bd4 Bxa3 40.
Bxb6 a4 41. Bc7 Bc5 42. b6 a3 43. b7 a2 44. Be5 Ba7 45. Kf3 Kg6 46. Ke2 Bb8 47.
Bd4 Bxg3 48. Kd3 Kf7 49. Kc2 Ke6 50. Kb2 Kd7 51. Ba7 Be5+ 52. Kxa2 f4 53. Kb3
f3 54. Kc2 Kc6 55. Kd3 Kxb7 56. Bf2 Bf6 1/2-1/2

[Event "Ä17Â"]
[Site "Loo"]
[Date "2017.04.26"]
[Round "7.21"]
[White "Áó÷åëüíèêîâà, Êñåíèÿ."]
[Black "Åãîðîâà, Âàëåíòèíà."]
[Result "0-1"]
[WhiteElo "1776"]
[BlackElo "1642"]
[PlyCount "78"]
[EventDate "2017.04.20"]

1. e4 c6 2. d4 d5 3. e5 Bf5 4. Nf3 e6 5. Be2 h6 6. O-O Ne7 7. Be3 Bh7 8. c4 Nf5
9. g3 Nxe3 10. fxe3 Be7 11. Nc3 O-O 12. Qd2 Nd7 13. cxd5 cxd5 14. Rac1 Nb6 15.
Bd3 Bxd3 16. Qxd3 Qd7 17. b3 Rac8 18. e4 Rfd8 19. Ne2 Rc6 20. Rxc6 Qxc6 21.
exd5 Nxd5 22. Rc1 Qb6 23. Qc4 Ba3 24. Re1 Bb4 25. Rc1 Qa5 26. a4 Qb6 27. Nf4
Ba3 28. Re1 Bb4 29. Rc1 Ba3 30. Re1 Bb4 31. Rd1 Ne3 32. Qd3 Nxd1 33. Qxd1 Qc6
34. Nh5 Bc5 35. Qd3 Bxd4+ 36. Nxd4 Qb6 37. Qf3 Qxd4+ 38. Kg2 Qxe5 39. Qg4 Rd2+
0-1

[Event "Ä17Â"]
[Site "Loo"]
[Date "2017.04.26"]
[Round "7.22"]
[White "Ñóâåðí¸âà, Àë¸íà."]
[Black "Ïîïîâà, Äàðüÿ."]
[Result "0-1"]
[WhiteElo "1768"]
[BlackElo "1504"]
[PlyCount "72"]
[EventDate "2017.04.20"]

1. d4 d5 2. c4 c6 3. Nc3 Nf6 4. Bg5 e6 5. e3 Nbd7 6. cxd5 exd5 7. Nf3 Be7 8.
Bd3 O-O 9. Qc2 Re8 10. O-O Nf8 11. h3 Ne4 12. Bxe7 Qxe7 13. Rab1 f5 14. b4 a6
15. a4 Ng6 16. Ne2 Qd6 17. b5 axb5 18. axb5 Bd7 19. bxc6 bxc6 20. Nd2 Nh4 21.
Nb3 Qg6 22. Nf4 Qg5 23. Kh1 Qh6 24. Nc5 Nxc5 25. dxc5 g5 26. Ne2 f4 27. exf4
Nxg2 28. Bf5 Bxf5 29. Qxf5 Rxe2 30. Kxg2 gxf4 31. Kh2 Qe6 32. Qg5+ Kh8 33. Rb7
Qe5 34. Qh6 Rxf2+ 35. Rxf2 f3+ 36. Kg1 Qg3+ 0-1

[Event "Ä17Â"]
[Site "Loo"]
[Date "2017.04.26"]
[Round "7.23"]
[White "Ìóðàâüåâà, Êñåíèÿ."]
[Black "Õîðóíæåâà, Êñåíèÿ."]
[Result "0-1"]
[WhiteElo "1369"]
[BlackElo "1688"]
[PlyCount "62"]
[EventDate "2017.04.20"]

1. e4 c5 2. c3 Nf6 3. e5 Nd5 4. d4 cxd4 5. Qxd4 e6 6. Nf3 Nc6 7. Qe4 Qb6 8. Bd3
g6 9. O-O Bg7 10. Nbd2 Na5 11. a3 Qc7 12. c4 Nb6 13. b4 Nc6 14. Re1 O-O 15. c5
Nd5 16. Bb2 b6 17. Rac1 bxc5 18. Rxc5 d6 19. exd6 Qxd6 20. Bxg7 Kxg7 21. Nc4
Qd7 22. b5 Nce7 23. Nfe5 Qb7 24. Rc1 Qb8 25. h4 Nb6 26. h5 Na4 27. hxg6 Nxc5
28. Qh4 Nxg6 29. Bxg6 hxg6 30. Qe7 Ne4 31. f3 Nf6 {äàëåå çàïèñü íåðàçáîð~~èâà}
0-1

[Event "Ä17Â"]
[Site "Loo"]
[Date "2017.04.26"]
[Round "7.25"]
[White "Òàíäåëîâà, Èðèíà."]
[Black "Áû÷åíêîâà, Þëèÿ."]
[Result "0-1"]
[WhiteElo "1271"]
[BlackElo "1730"]
[PlyCount "78"]
[EventDate "2017.04.20"]

1. e4 d5 2. exd5 Qxd5 3. Nc3 Qd6 4. Nf3 Nf6 5. Bc4 a6 6. d3 b5 7. Bb3 Bb7 8.
O-O e6 9. Re1 Be7 10. Bg5 O-O 11. Bxf6 Bxf6 12. Rb1 Bxc3 13. bxc3 Qf4 14. Re3
Nd7 15. d4 Nf6 16. h3 Rfd8 17. Ne5 c5 18. Nxf7 Kxf7 19. Bxe6+ Kf8 20. d5 Bxd5
21. Bxd5 Rxd5 22. Qe2 Re8 23. Rxe8+ Nxe8 24. Re1 Qf7 25. Qe4 Nf6 26. Qf4 Qd7
27. Qf3 h6 28. Kh2 Qf5 29. Qg3 Ne4 30. Qb8+ Kf7 31. Qb7+ Kg8 32. f3 Nf6 33.
Qxa6 Qf4+ 34. Kg1 Qd2 35. Rf1 Qe3+ 36. Kh2 Qe2 37. Rg1 Qe5+ 38. Kh1 Nh5 39.
Qxb5 Ng3+ 0-1

[Event "Ä19"]
[Site "Loo"]
[Date "2017.04.26"]
[Round "7.1"]
[White "Ëûñåíêî, Ìàðãàðèòà."]
[Black "Ïîòàïîâà, Ìàðãàðèòà."]
[Result "1/2-1/2"]
[WhiteElo "2193"]
[BlackElo "2096"]
[PlyCount "50"]
[EventDate "2017.04.20"]

1. b3 b6 2. Bb2 Bb7 3. e3 e6 4. f4 f5 5. Nf3 Nf6 6. g3 Be7 7. Bg2 O-O 8. O-O a5
9. Nc3 Qe8 10. a4 Na6 11. Re1 Qh5 12. Ne5 Qxd1 13. Rexd1 Bxg2 14. Kxg2 Nb4 15.
Rac1 d6 16. Nf3 Na6 17. Nd4 Kf7 18. Nc6 Nb4 19. Nd4 Nd7 20. Ncb5 Rfc8 21. Nf3
Na2 22. Ra1 Nb4 23. Rac1 Na2 24. Ra1 Nb4 25. Rac1 Na2 1/2-1/2

[Event "Ä19"]
[Site "Loo"]
[Date "2017.04.26"]
[Round "7.2"]
[White "Áîðèñîâà, Åêàòåðèíà."]
[Black "Èëüèíà, Íàòàëüÿ."]
[Result "0-1"]
[WhiteElo "2078"]
[BlackElo "2072"]
[PlyCount "133"]
[EventDate "2017.04.20"]

1. e4 c5 2. Nf3 Nc6 3. d4 cxd4 4. Nxd4 g6 5. c4 Nf6 6. Nc3 Nxd4 7. Qxd4 d6 8.
Be3 Bg7 9. f3 O-O 10. Qd2 Bd7 11. Be2 a5 12. O-O a4 13. Rac1 Qa5 14. Rc2 Rfc8
15. Rfc1 h5 16. Qe1 Be6 17. Qf2 Nd7 18. Nb5 Nc5 19. Bg5 f6 20. Be3 Qd8 21. Nc3
Qf8 22. f4 Bh6 23. f5 Bf7 24. fxg6 Bxg6 25. Bxh6 Qxh6 26. Qd4 Qh7 27. Bf3 Ra6
28. Re2 Kh8 29. Qe3 Rg8 30. Nd5 Nd7 31. Nf4 Ra5 32. Kh1 Bf7 33. Nd3 Rc8 34. b3
axb3 35. axb3 Rca8 36. b4 Ra3 37. Qd2 Qg8 38. Ree1 Qg5 39. Qe2 Ra2 40. Qf1 R8a3
41. c5 dxc5 42. bxc5 Rd2 43. Rcd1 Raxd3 44. Qxd3 Rxd3 45. Rxd3 Nxc5 46. Rd8+
Kg7 47. Rb8 Nd3 48. Rf1 Qc5 49. h3 Nf2+ 50. Rxf2 Qxf2 51. Rxb7 Qe1+ 52. Kh2 Qd2
53. Kh1 Qd6 54. Kg1 Qe5 55. Kh1 h4 56. Ra7 Kh6 57. Ra8 Kg5 58. Ra7 Bg6 59. Ra4
Kh6 60. Rb4 f5 61. Rb6 fxe4 62. Be2 e6 63. Rb4 Bf5 64. Ra4 Qg3 65. Bf1 Qe1 66.
Kg1 e3 67. Re4 0-1

[Event "Ä19"]
[Site "Loo"]
[Date "2017.04.26"]
[Round "7.3"]
[White "Äðîãîâîç, Èðèíà."]
[Black "Ìàðòûíîâà, Àíàñòàñèÿ."]
[Result "1-0"]
[WhiteElo "2286"]
[BlackElo "1987"]
[PlyCount "77"]
[EventDate "2017.04.20"]

1. d4 d6 2. Nf3 Nf6 3. c4 g6 4. Nc3 Bf5 5. Ng5 Bg7 6. e4 Bg4 7. f3 Bd7 8. f4 e5
9. fxe5 dxe5 10. dxe5 Ng4 11. e6 Bxe6 12. Qxd8+ Kxd8 13. Be2 Ne5 14. Bf4 Nbd7
15. O-O-O Re8 16. Rhf1 Kc8 17. Nxe6 Rxe6 18. Kb1 a5 19. Bxe5 Nxe5 20. Bg4 Nxg4
21. Rxf7 Bh6 22. Rxh7 b6 23. h3 Ne3 24. Re1 Nxg2 25. Rg1 Bd2 26. Nd5 Nf4 27.
Rh8+ Kb7 28. Rxa8 Kxa8 29. Nxc7+ Kb7 30. Nxe6 Nxe6 31. Rxg6 Ng5 32. Kc2 Bf4 33.
h4 Nf3 34. h5 Ne5 35. Rf6 Be3 36. h6 Nd7 37. h7 Nxf6 38. h8=Q Bd4 39. Qd8 1-0

[Event "Ä19"]
[Site "Loo"]
[Date "2017.04.26"]
[Round "7.4"]
[White "Ãîðîâåíêî, Äàðüÿ."]
[Black "Ìàðòûíþê, Åëèçàâåòà."]
[Result "0-1"]
[WhiteElo "2122"]
[BlackElo "2165"]
[PlyCount "88"]
[EventDate "2017.04.20"]

1. d4 d5 2. Nf3 Nf6 3. c4 c6 4. Nc3 dxc4 5. a4 Bf5 6. Ne5 Nbd7 7. Nxc4 Nb6 8.
Ne5 a5 9. f3 Nfd7 10. Nxd7 Nxd7 11. e4 Bg6 12. Be2 e6 13. O-O Bb4 14. Be3 O-O
15. Qb3 Qb6 16. Bf2 Bc5 17. Qd1 Bd6 18. Qd2 Qb4 19. Rfd1 Rad8 20. Rac1 Nb6 21.
b3 f5 22. g3 fxe4 23. fxe4 e5 24. Qc2 exd4 25. Na2 Qa3 26. Bxd4 Nd5 27. Bc4 Kh8
28. Qg2 Nf6 29. Nc3 Bc5 30. Bxc5 Qxc5+ 31. Kh1 Rxd1+ 32. Rxd1 Qe5 33. Qf3 Bh5
34. Qd3 Bxd1 35. Nxd1 Qxe4+ 36. Qxe4 Nxe4 37. Ne3 Nd2 38. Kg2 g5 39. g4 Rf4 40.
h3 Kg7 41. Nf5+ Rxf5 42. gxf5 Nxc4 43. bxc4 Kf6 44. Kg3 Kxf5 0-1

[Event "Ä19"]
[Site "Loo"]
[Date "2017.04.26"]
[Round "7.5"]
[White "Àðóòþíîâà, Àñÿ."]
[Black "Øàïàðü, Òàòüÿíà."]
[Result "1-0"]
[WhiteElo "2125"]
[BlackElo "1950"]
[PlyCount "79"]
[EventDate "2017.04.20"]

1. Nf3 d5 2. c4 e6 3. g3 dxc4 4. Qa4+ Nd7 5. Qxc4 a6 6. Bg2 Ngf6 7. O-O b5 8.
Qc2 Bb7 9. d3 c5 10. a4 Qb6 11. axb5 axb5 12. Rxa8+ Bxa8 13. Na3 Be7 14. Qb3
Bc6 15. Bd2 O-O 16. h3 Rb8 17. Rc1 h6 18. Qc2 Bb7 19. Bf4 Rc8 20. Qb3 Ba6 21.
Ra1 Nd5 22. Bd2 Bf6 23. e4 c4 24. Qa2 Ne7 25. Be3 Qa5 26. Qb1 cxd3 27. e5 Bg5
28. Nxg5 hxg5 29. Nc4 Qb4 30. Nd6 Rc2 31. Rxa6 Nxe5 32. Qd1 g4 33. Ra8+ Kh7 34.
Nxf7 N7g6 35. Ng5+ Kh6 36. Nxe6+ Kh7 37. hxg4 Rxb2 38. Ra1 d2 39. Bd4 Rb3 40.
g5 1-0

[Event "Ä19"]
[Site "Loo"]
[Date "2017.04.26"]
[Round "7.6"]
[White "Äîëãàåâà, Åâãåíèÿ."]
[Black "Ìàìîíòîâà, Àíàñòàñèÿ."]
[Result "0-1"]
[WhiteElo "1946"]
[BlackElo "1948"]
[PlyCount "136"]
[EventDate "2017.04.20"]

1. e4 g6 2. d4 Bg7 3. Be3 d6 4. Nc3 a6 5. Qd2 b5 6. f3 Bb7 7. a4 b4 8. Nd1 a5
9. c3 bxc3 10. bxc3 e6 11. Nh3 Ne7 12. Bb5+ Nd7 13. Ndf2 c6 14. Bd3 c5 15. O-O
cxd4 16. cxd4 Nc6 17. Bb5 O-O 18. Bh6 Bxh6 19. Qxh6 Qf6 20. d5 exd5 21. exd5
Ncb8 22. Ne4 Qg7 23. Qd2 Nf6 24. Nxd6 Bxd5 25. Nf4 Bc6 26. Bc4 Nbd7 27. Rfe1
Nb6 28. Bb3 Rad8 29. Qxa5 Rxd6 30. Qxb6 Rfd8 31. Rad1 Bd5 32. Qb4 Qf8 33. Nxd5
Nxd5 34. Qb5 Nc3 35. Rxd6 Nxb5 36. Rxd8 Qxd8 37. axb5 Qd4+ 38. Kh1 Qc3 39. Rb1
Qd3 40. Ba2 Qc2 41. Bxf7+ Kxf7 42. Rg1 Qb3 43. Re1 Qxb5 44. Kg1 Qc5+ 45. Kf1
Qc4+ 46. Re2 Kf6 47. g3 g5 48. Kf2 Qd4+ 49. Kg2 h5 50. h3 Qd3 51. Rf2 h4 52.
Ra2 hxg3 53. Kxg3 Qd6+ 54. Kg2 Kf5 55. Ra5+ Kg6 56. Ra2 Qd3 57. Kf2 Kh5 58. Kg3
Qb1 59. Re2 Qg1+ 60. Rg2 Qe1+ 61. Rf2 Qe5+ 62. Kg2 Kh4 63. Kf1 Kxh3 64. Kg1
Qe1+ 65. Rf1 Qe3+ 66. Kh1 Qe2 67. Rf2 Qxf2 68. f4 Qg2# 0-1

[Event "Ä19"]
[Site "Loo"]
[Date "2017.04.26"]
[Round "7.7"]
[White "Êîð÷àãèíà, Àëåíà."]
[Black "Òóêàåâà, Àäåëÿ."]
[Result "1-0"]
[WhiteElo "2119"]
[BlackElo "1970"]
[PlyCount "55"]
[EventDate "2017.04.20"]

1. Nf3 Nf6 2. c4 e6 3. Nc3 Bb4 4. Qc2 c5 5. a3 Ba5 6. e3 Nc6 7. Be2 d6 8. O-O
O-O 9. d4 Qe7 10. Rd1 Bd7 11. b3 h6 12. Bb2 Rac8 13. d5 Nd8 14. dxe6 fxe6 15.
Nh4 Be8 16. Ng6 Bxg6 17. Qxg6 Nc6 18. f4 Bxc3 19. Bxc3 d5 20. Bf3 Rcd8 21. Qc2
d4 22. Bxc6 dxc3 23. Bf3 e5 24. Qxc3 exf4 25. exf4 Ne4 26. Qe3 Rd4 27. Rxd4
cxd4 28. Qxe4 1-0

[Event "Ä19"]
[Site "Loo"]
[Date "2017.04.26"]
[Round "7.8"]
[White "Àëåêñååâà, Þëèÿ."]
[Black "Øàêèðîâà, Ðåíàòà."]
[Result "0-1"]
[WhiteElo "1850"]
[BlackElo "2064"]
[PlyCount "86"]
[EventDate "2017.04.20"]

1. e4 c5 2. Nf3 Nc6 3. d4 cxd4 4. Nxd4 Qb6 5. Nb3 Nf6 6. Nc3 e6 7. Bd3 Bb4 8.
Be3 Qc7 9. O-O Bxc3 10. bxc3 O-O 11. f4 d6 12. Nd4 Ne7 13. Qe1 Ng4 14. Bc1 e5
15. Nf3 h6 16. h3 Nf6 17. f5 d5 18. exd5 Nexd5 19. c4 e4 20. Bxe4 Qxc4 21. Bd3
Qc7 22. Qh4 Qc5+ 23. Qd4 Qxd4+ 24. Nxd4 Rd8 25. Bd2 Bd7 26. Rab1 b6 27. g4 Ba4
28. Nb3 Rac8 29. Rf3 Nc3 30. Ra1 Nfd5 31. a3 Re8 32. Nd4 Ne4 33. Bb4 Ng5 34.
Rg3 a5 35. Bd2 Ne4 36. Bxe4 Rxe4 37. Rd3 Nf6 38. c3 Re7 39. Rb1 Ne4 40. Be1 Nc5
41. Rd2 Re3 42. Rh2 Ne4 43. Rxb6 Rxe1+ 0-1

[Event "Ä19"]
[Site "Loo"]
[Date "2017.04.26"]
[Round "7.9"]
[White "Ïðîòîïîïîâà, Àíàñòàñèÿ."]
[Black "Äåì÷åíêî, Àëèñà."]
[Result "1-0"]
[WhiteElo "2266"]
[BlackElo "1876"]
[PlyCount "117"]
[EventDate "2017.04.20"]

1. Nf3 d5 2. c4 Nf6 3. g3 c6 4. b3 Bf5 5. Bb2 e6 6. Bg2 Nbd7 7. O-O Be7 8. d4
O-O 9. Nc3 Ne4 10. Nd2 Ndf6 11. f3 Nxc3 12. Bxc3 c5 13. e3 Rc8 14. Qe2 dxc4 15.
bxc4 cxd4 16. exd4 Nd5 17. Bb2 Nb6 18. Rac1 Na4 19. Ba1 Ba3 20. Rce1 Nb2 21.
Qe3 Qa5 22. Nb3 Qb4 23. c5 a5 24. g4 Bg6 25. f4 a4 26. Nd2 Rfd8 27. f5 exf5 28.
gxf5 Bh5 29. Nb1 Nc4 30. Qg5 Bb2 31. Bxb2 Qxb2 32. Qxh5 Qxd4+ 33. Kh1 Qxc5 34.
Nc3 Nd2 35. Ne4 Nxe4 36. Rxe4 Rd4 37. Rxd4 Qxd4 38. f6 Rc5 39. Qe2 gxf6 40.
Bxb7 Rg5 41. Rd1 Qb6 42. Bd5 Qb8 43. Qc4 Qa7 44. Qf4 Qa5 45. Be4 Kg7 46. h4 Qe5
47. Qxe5 Rxe5 48. Bf3 Rb5 49. Rd2 f5 50. Kg2 a3 51. Kf2 Rb4 52. h5 Kf6 53. Ke3
Ke5 54. Rd5+ Kf6 55. Ra5 f4+ 56. Kd3 Rb2 57. Rxa3 Rf2 58. Ke4 Kg5 59. Ra5+ 1-0

[Event "Ä19"]
[Site "Loo"]
[Date "2017.04.26"]
[Round "7.10"]
[White "Òèøîâà, Ñâåòëàíà."]
[Black "Ñåðåãèíà, Ìàðèÿ."]
[Result "1-0"]
[WhiteElo "2177"]
[BlackElo "1804"]
[PlyCount "101"]
[EventDate "2017.04.20"]

1. e4 c6 2. d4 d5 3. exd5 cxd5 4. Bd3 Nc6 5. c3 g6 6. Bf4 Bf5 7. Be2 Bg7 8. Nf3
Qb6 9. Qb3 Qxb3 10. axb3 Nf6 11. b4 O-O 12. b5 Nd8 13. h3 h5 14. Nbd2 b6 15.
O-O Ne6 16. Bh2 g5 17. Ne5 Nd8 18. Ra3 g4 19. hxg4 Nxg4 20. Nxg4 hxg4 21. Rfa1
Bh6 22. Nf1 Nb7 23. Rxa7 Rxa7 24. Rxa7 Na5 25. Bc7 Nc4 26. b3 Nd2 27. Bxb6 Nxb3
28. Bc7 Nc1 29. Bd1 Bc8 30. b6 f5 31. b7 Bxb7 32. Rxb7 Rc8 33. Ba5 e6 34. Ne3
Na2 35. Rb3 Nc1 36. Ra3 Rb8 37. Ra1 Nd3 38. Bc2 Nf4 39. Kf1 Rb2 40. Rb1 Ra2 41.
Bc7 Nxg2 42. Nxf5 exf5 43. Bb3 Ra7 44. Bxd5+ Kh7 45. Bb8 Ra3 46. Kxg2 Rxc3 47.
Be5 Rc2 48. Be6 Kg6 49. Rb6 Kh5 50. Bxf5 Be3 51. Bxc2 1-0

[Event "Ä19"]
[Site "Loo"]
[Date "2017.04.26"]
[Round "7.11"]
[White "Ìóõèíà, ßíà."]
[Black "Ìèëîâàíîâà, Ìàðèÿ."]
[Result "0-1"]
[WhiteElo "2004"]
[BlackElo "1981"]
[PlyCount "86"]
[EventDate "2017.04.20"]

1. e4 e5 2. Nf3 Nc6 3. Bb5 a6 4. Ba4 Nf6 5. d3 d6 6. c3 b5 7. Bc2 Bg4 8. Nbd2
Be7 9. h3 Bh5 10. Nf1 d5 11. Qe2 dxe4 12. dxe4 Qc8 13. Ng3 Bg6 14. Nh4 Qb7 15.
Nhf5 Bf8 16. O-O h5 17. h4 Nd7 18. a4 b4 19. a5 Nc5 20. Be3 Ne6 21. Rfd1 b3 22.
Bb1 f6 23. Bd3 Bf7 24. Nf1 g6 25. N5g3 Nf4 26. Bxf4 exf4 27. e5 Nxe5 28. Ne4
Be7 29. Nfd2 O-O 30. Nf3 Nxd3 31. Qxd3 Rad8 32. Qe2 Rfe8 33. Ned2 Ba3 34. Ne4
Rxd1+ 35. Qxd1 Rxe4 36. Rxa3 c5 37. Nd2 Qd7 38. Qb1 Re2 39. Nxb3 Qe7 40. Kf1
Re1+ 41. Qxe1 Bc4+ 42. Kg1 Qxe1+ 43. Kh2 Qxf2 0-1

[Event "Ä19"]
[Site "Loo"]
[Date "2017.04.26"]
[Round "7.12"]
[White "Ìóõòàðîâà, Àíàñòàñèÿ."]
[Black "Òèìàêîâà, Ìàðèÿ."]
[Result "0-1"]
[WhiteElo "1859"]
[BlackElo "1828"]
[PlyCount "114"]
[EventDate "2017.04.20"]

1. c4 f5 2. Nc3 Nf6 3. g3 d6 4. d4 h6 5. Bg2 g5 6. Nf3 Bg7 7. d5 O-O 8. O-O
Nbd7 9. Nd4 Nc5 10. f3 a5 11. Rb1 Bd7 12. b3 Qc8 13. a3 Nh5 14. b4 axb4 15.
axb4 e5 16. dxe6 Nxe6 17. Nxe6 Bxe6 18. Nd5 Qd8 19. Be3 f4 20. Bf2 c6 21. g4
Nf6 22. Bb6 Qd7 23. Nc7 Ra2 24. Nxe6 Qxe6 25. Re1 Qxc4 26. Qxd6 Rxe2 27. Bf1
Rxe1 28. Rxe1 Qc3 29. Kf2 Nd5 30. Qe6+ Kh8 31. Bc5 Ra8 32. Qe4 Ra2+ 33. Be2 Qe5
34. Qc4 Rd2 35. Rc1 b5 36. Qe4 Qxe4 37. fxe4 Nc3 38. Re1 Nxe4+ 39. Kf3 Nxc5 40.
bxc5 Bd4 41. Rc1 Be3 42. Ra1 Bxc5 43. Ra8+ Kg7 44. Rc8 Rd6 45. Bxb5 cxb5 46.
Rxc5 Rb6 47. Rc3 Kf6 48. Ke4 Re6+ 49. Kd4 Re2 50. Rc6+ Kg7 51. Rc7+ Kf8 52. h4
gxh4 53. Rc5 h3 54. Rf5+ Kg7 55. Rxf4 h2 56. Rf1 Rg2 57. Rh1 Rxg4+ 0-1

[Event "Ä19"]
[Site "Loo"]
[Date "2017.04.26"]
[Round "7.13"]
[White "Ñàòàåâà, Ëàíà."]
[Black "Êîøåïàðîâà, Òàòüÿíà."]
[Result "1-0"]
[WhiteElo "1802"]
[BlackElo "2074"]
[PlyCount "99"]
[EventDate "2017.04.20"]

1. e4 c5 2. Nf3 d6 3. d4 cxd4 4. Nxd4 Nf6 5. Nc3 Nc6 6. Be3 Ng4 7. Nxc6 bxc6 8.
Bc1 Qb6 9. Qd2 g6 10. Na4 Qc7 11. Be2 Bg7 12. h3 Nf6 13. Nc3 O-O 14. O-O Qb6
15. Qd3 Nd7 16. Rb1 Nc5 17. Qe3 Rd8 18. Bf3 Rb8 19. b3 Ba6 20. Rd1 Ne6 21. Ne2
Bxe2 22. Bxe2 Nd4 23. Bd3 Qa5 24. Bb2 c5 25. a3 Nc6 26. Bxg7 Kxg7 27. a4 Qc3
28. Qf4 Ne5 29. Rbc1 Rb4 30. Bb5 Ra8 31. Qg5 f6 32. Qf4 a6 33. Bd3 c4 34. Bf1
Rf8 35. a5 cxb3 36. cxb3 Qxb3 37. Bxa6 Qa4 38. Rd5 Rxe4 39. Qd2 Nc4 40. Bxc4
Rxc4 41. Rb1 Rc2 42. Qe3 Rf7 43. Rb7 Qc4 44. Rd4 Qe2 45. Qxe2 Rxe2 46. Ra4 Rf8
47. a6 Ra8 48. a7 Rc2 49. Rb8 Rc8 50. Rxc8 1-0

[Event "Ä19"]
[Site "Loo"]
[Date "2017.04.26"]
[Round "7.14"]
[White "Ìàòþêîâà, Óëüÿíà."]
[Black "Þðîâñêèõ, ßñìèí."]
[Result "1-0"]
[WhiteElo "1984"]
[BlackElo "1880"]
[PlyCount "83"]
[EventDate "2017.04.20"]

1. d4 f5 2. Nc3 Nf6 3. Bg5 d5 4. Bxf6 exf6 5. e3 c6 6. Bd3 Bd6 7. Qf3 g6 8. h3
Na6 9. a3 Qe7 10. Nge2 Nc7 11. g4 Ne6 12. Qg2 Ng5 13. Nd1 f4 14. exf4 Ne6 15.
Ne3 Nxf4 16. Nxf4 Bxf4 17. O-O-O Bd7 18. Rhe1 O-O-O 19. Kb1 Rhe8 20. Qf3 Qd6
21. Re2 Re6 22. Rde1 Rde8 23. h4 Bxe3 24. Rxe3 Rxe3 25. Rxe3 Rxe3 26. fxe3 Qe7
27. h5 g5 28. Kc1 h6 29. Kd2 Qd6 30. Bf5 Bxf5 31. Qxf5+ Kb8 32. Qh7 Qh2+ 33.
Kd3 Qf2 34. Qxh6 Qf1+ 35. Kc3 Qe1+ 36. Kb3 Qxe3+ 37. c3 Qf3 38. Qf8+ Kc7 39.
Qe7+ Kc8 40. h6 a5 41. h7 a4+ 42. Kb4 1-0